| 000 | 00664nam a2200193 4500 | ||
|---|---|---|---|
| 001 | 122855 | ||
| 003 | ES-MaACL | ||
| 005 | 20230906192043.0 | ||
| 007 | t| | ||
| 008 | 070214s1930 sp |||| | spa d | ||
| 100 | 1 |
_aPulido, Ángel, _d1852-1932 _9149324 |
|
| 245 | 1 | 0 |
_aSesión inagural del año 1930 _b: memoria de secretaría / _cleída por Ángel Pulido Fernández. |
| 260 |
_aMadrid : _b[s.n.], _c1930 ( _fImp. Julio Cosano) |
||
| 300 |
_a32 p ; _c27 cm. |
||
| 594 | _aPrecede al tít.: Real Academia Nacional de Medicina. | ||
| 710 | 2 |
_aReal Academia Nacional de Medicina (España) _96344 |
|
| 852 |
_aES-MaACL _j1731-F-5 |
||
| 999 |
_c122855 _d122855 |
||